LEADER 01289nam a2200265 4500 001 000000343881 003 CaOOAMICUS 005 20210121000000.0 008 210121s2010 it a 000 u eng r 020 $a978-965-308-353-0 040 $aSeMil$bita 245 00$aHolocaust and justice :$brepresentation and historiography of the Holocaust in post-war trials /$cedited by David Bankier and Dan Michman. 264 1$aJerusalem :$bYad Vashem,$c2010. 300 $a343 p., [4] carte di tav. :$bill. ;$c23 cm 650 4$aNazionalsocialismo - Criminali di guerra - Processi.$0(OLS)http://semarc/subject/49890 650 4$aOlocausto.$0(OLS)http://semarc/subject/26307 700 1 $aBankier, David,$ecuratore.$0(OLS)http://semarc/name/112840 700 1 $aMichman, Dan,$ecuratore.$0(OLS)http://semarc/name/112841 850 $aSeMil 852 $aSeMil$W1$xVenegono$y1$m3V III 256$j223810$B234938$CSeMilBibl$Z2$F234938 $81 961 $aPerego don Stefano - Omaggio 996 $6020$a978-965-308-353-0$9(OLS)http://semarc/number/292146 996 $6245$aHolocaust and justice :$brepresentation and historiography of the Holocaust in post-war trials$9(OLS)http://semarc/title/432930 996 $6264$aJerusalem :$bYad Vashem$9(OLS)http://semarc/publisher/54238 LEADER 00968nam a2200241 i 4500 001 000000024375 003 CaOOAMICUS 005 20180830125446.0 008 180830s1928 it u000 u ita u 040 $aSeMil$bita 245 10$aTrattato delle successioni. 300 $a7 v. 650 4$aSuccessioni (diritto).$0(OLS)http://semarc/subject/3836 700 1 $aPacifici-Mazzoni, Emidio.$0(OLS)http://semarc/name/8490 773 0 $aPacifici-Mazzoni, Emidio$tCodice civile italiano commentato con la legge romana, le sentenze dei dottori e la giurisprudenza.$bsesta, settima e ottava edizione riveduta e corredata della nuova giurisprudenza.$dTorino : Unione Tipografico-Editrice Torinese, 1927-1930.$w()24374 774 0 $t1.$w()197920 774 0 $t2.$w()197921 774 0 $t3.$w()197922 774 0 $t4.$w()197923 774 0 $t5.$w()197926 774 0 $t6.$w()197927 774 0 $t7.$w()197928 996 $6245$aTrattato delle successioni$9(OLS)http://semarc/title/32748